[Event "Lovsprings op 08th"]
[Site "Ringsted"]
[Date "1996.03.15"]
[Round "2"]
[White "Christensen, Lars"]
[Black "Arnkilde, Anders"]
[Result "0-1"]
[WhiteElo "2020"]
[BlackElo "1997"]
[PlyCount "98"]
[EventDate "1996.03.08"]
[EventType "swiss"]
[EventRounds "7"]
[EventCountry "DEN"]
[SourceTitle "EXT 2018"]
[Source "ChessBase"]
[SourceDate "2017.10.13"]
[SourceVersion "1"]
[SourceVersionDate "2017.10.13"]
[SourceQuality "1"]

1. e4 e5 2. f4 Bc5 3. Nf3 d6 4. Bc4 Nf6 5. Nc3 Nc6 6. f5 h6 7. d3 Na5 8. Qe2 c6 9. Bd2 0-0 10. h3 d5 11. Bb3 Nxb3 12. axb3 Nh5 13. g4 Ng3 14. Qg2 Nxh1 15. Qxh1 Re8 16. h4 b5 17. Ne2 a5 18. Ng3 Qb6 19. Ke2 Bf2 20. Nh5 dxe4 21. dxe4 b4 22. Ne1 Ba6+ 23. Nd3 Rad8 24. g5 Rxd3 25. cxd3 hxg5 26. Bxg5 f6 27. Bd2 Rd8 28. Qg2 Bxd3+ 29. Kf3 Bxe4+ 30. Kxe4 Qd4+ 31. Kf3 e4+ 32. Ke2 Qxd2+ 33. Kf1 Qh6 34. Qxg7+ Qxg7 35. Nxg7 Kxg7 36. Kxf2 Rd5 37. Rg1+ Kf7 38. Ke3 Rxf5 39. Kxe4 Rf2 40. Kd4 Rxb2 41. Rg3 Rc2 42. Rg1 Ke6 43. Re1+ Kd6 44. Rh1 c5+ 45. Ke4 c4 46. bxc4 Rxc4+ 47. Kd3 Rc3+ 48. Kd4 a4 49. Rb1 Rh3 0-1